[Event "GEO-ch U20 Boys 2020"]
[Site "Tbilisi"]
[Date "2020.08.09"]
[Round "4.6"]
[White "Shapovalovi, Vasiko"]
[Black "Qalichava, Akaki"]
[Result "1/2-1/2"]
[WhiteElo "1679"]
[BlackElo "1832"]
[Annotator "NA"]
[PlyCount "138"]
[EventDate "2020.08.06"]
[EventType "tourn"]
[EventCountry "GEO"]
[SourceTitle "playchess.com"]
[Source "ChessBase"]
[SourceQuality "1"]
[TimeControl "40/5400+30:1800+30"]

1. d4 {[%emt 0:00:00]} Nf6 {[%emt 0:00:00]} 2. c4 {[%emt 0:00:00]} e6 {[%emt 0:00:00]} 3. Nf3 {[%emt 0:00:02]} b6 {[%emt 0:00:00]} 4. g3 {[%emt 0:00:07]} Ba6 {[%emt 0:00:00]} 5. Qc2 {[%emt 0:03:30]} Bb7 {[%emt 0:00:00]} 6. Bg2 {[%emt 0:00:17]} c5 {[%emt 0:00:04]} 7. O-O {[%emt 0:01:33]} cxd4 {[%emt 0:00:19]} 8. Nxd4 {[%emt 0:02:17]} Bxg2 {[%emt 0:00:04]} 9. Kxg2 {[%emt 0:00:04]} Qc8 {[%emt 0:00:04]} 10. b3 {[%emt 0:04:03] 10.b3 has become a bit dusty these days. E15: Queen's Indian: 4 g3 sidelines, 4 g3 Ba6 and 4 g3 Bb7 early deviations.} Nc6 {[%emt 0:07:17]} 11. Bb2 {[%emt 0:02:30]} Qb7 {[%emt 0:02:48]} 12. Kg1 {[%emt 0:01:17]} Be7 {[%emt 0:01:28]} 13. Rd1 {[%emt 0:06:52]} a6 {[%emt 0:00:06] [#]} 14. Nd2 $146 {[%emt 0:01:58]} ({Predecessor:} 14. Nc3 O-O 15. Nxc6 Qxc6 16. Qd3 Rfd8 17. Rac1 Qb7 18. e4 b5 19. e5 bxc4 20. Qxc4 {½-½ (91) Izsak,G (2400)-Murzin,L (2320) Budapest 1997}) 14... O-O {[%emt 0:01:53]} 15. Ne4 {[%emt 0:08:58]} Nxe4 {[%emt 0:04:21]} 16. Qxe4 {[%emt 0:00:39]} Rac8 {[%emt 0:02:44]} 17. Nxc6 {[%emt 0:06:26]} Rxc6 {[%emt 0:00:05]} 18. Qg4 {[%emt 0:01:16]} f6 {[%emt 0:01:15]} 19. Rd3 {[%emt 0:12:57]} Rfc8 {[%emt 0:05:25]} 20. Rad1 {[%emt 0:02:43]} R8c7 {[%emt 0:06:53]} 21. a3 {[%emt 0:07:09]} b5 {[%emt 0:01:01]} 22. c5 {[%emt 0:02:16]} Bxc5 {[%emt 0:02:02]} 23. Bxf6 $1 {[%emt 0:02:17]} d5 {[%emt 0:00:25]} 24. b4 {[%emt 0:07:29]} Bf8 {[%emt 0:06:21]} ({Better is} 24... Bb6 $11) 25. Rf3 {[%emt 0:03:02]} Rf7 {[%emt 0:03:24]} 26. Be5 {[%emt 0:04:03]} Rxf3 {[%emt 0:02:02]} 27. Qxf3 {[%emt 0:00:06]} Qf7 {[%emt 0:00:29]} 28. Qe3 {[%emt 0:02:09]} Qf5 {[%emt 0:02:35]} 29. Rd4 {[%emt 0:02:51]} Be7 {[%emt 0:07:40]} 30. Rd3 {[%emt 0:03:29]} Bf6 {[%emt 0:02:08]} 31. Bxf6 {[%emt 0:00:54]} Qxf6 {[%emt 0:00:04] [#]} (31... gxf6 $11 32. f3 Qe5) 32. Rxd5 $1 {[%emt 0:01:55]} h6 {[%emt 0:04:57]} (32... Rc3 $16 {keeps fighting.} 33. Rd3 Rxd3 34. Qxd3 (34. exd3 e5 $16) 34... Qa1+ 35. Kg2 Qa2) 33. Rc5 {[%emt 0:01:21]} Rd6 {[%emt 0:00:45]} 34. Rc8+ {[%emt 0:00:38]} Kf7 {[%emt 0:02:14]} 35. Kg2 {[%emt 0:00:24]} ({Don't do} 35. Qc5 $6 e5 $18) 35... Qf5 {[%emt 0:01:16]} 36. Qf3 {[%emt 0:00:55]} Kg6 {[%emt 0:00:49]} 37. Rc7 {[%emt 0:01:00]} Qxf3+ {[%emt 0:04:43]} 38. Kxf3 {[%emt 0:00:12]} Kf6 {[%emt 0:00:09]} 39. Rc3 $18 {[%emt 0:00:43]} g5 {[%emt 0:02:05]} 40. e4 {[%emt 0:00:26]} Rd2 {[%emt 0:01:06]} 41. Ke3 {[%emt 0:30:44]} Ra2 {[%emt 0:30:06]} 42. h3 {[%emt 0:00:10]} h5 {[%emt 0:04:03]} 43. h4 {[%emt 0:02:03]} gxh4 44. gxh4 {[%emt 0:00:04]} Ra1 {[%emt 0:03:21]} 45. Kd4 {[%emt 0:02:46]} Rh1 {[%emt 0:00:33]} 46. Rc6 {[%emt 0:00:24]} Rxh4 {[%emt 0:04:46]} 47. Rxa6 {[%emt 0:00:04]} Rh3 {[%emt 0:00:04]} 48. Kc5 {[%emt 0:01:37]} Rc3+ {[%emt 0:00:05]} 49. Kxb5 {[%emt 0:00:34]} h4 {[%emt 0:00:17]} 50. Ra8 {[%emt 0:00:30]} h3 {[%emt 0:00:40]} 51. Rh8 {[%emt 0:00:20]} Rxa3 {[%emt 0:00:09]} 52. Kb6 {[%emt 0:01:57]} Kg5 {[%emt 0:02:34]} 53. b5 {[%emt 0:00:43]} Kg4 {[%emt 0:00:31]} 54. Kb7 {[%emt 0:01:11]} Ra5 {[%emt 0:00:29]} 55. Kc6 {[%emt 0:00:31]} Ra2 {[%emt 0:02:25]} 56. b6 {[%emt 0:00:10]} Rc2+ {[%emt 0:00:02]} 57. Kd7 {[%emt 0:00:21]} Rb2 {[%emt 0:00:03]} 58. Kc7 {[%emt 0:00:06]} Rc2+ {[%emt 0:00:03]} 59. Kb8 {[%emt 0:00:13]} Rxf2 {[%emt 0:00:04]} 60. b7 {[%emt 0:00:41]} h2 {[%emt 0:00:03]} 61. Kc7 {[%emt 0:00:45]} Rc2+ {[%emt 0:00:11]} 62. Kd6 {[%emt 0:00:47]} Rb2 {[%emt 0:00:04]} 63. Rxh2 {[%emt 0:00:46]} Rxb7 {[%emt 0:00:04]} 64. Kxe6 {[%emt 0:00:10]} Kf4 {[%emt 0:00:29]} 65. Rh4+ {[%emt 0:00:28]} Kg5 {[%emt 0:00:05]} 66. Rh8 {[%emt 0:00:30]} Kf4 {[%emt 0:00:10]} 67. Kd5 {[%emt 0:00:26]} Rb5+ {[%emt 0:00:07]} 68. Kd4 {[%emt 0:00:26]} Rb4+ {[%emt 0:00:04]} 69. Kd3 {[%emt 0:00:07]} Rb3+ {[%emt 0:00:03]} 1/2-1/2

[Event "GEO-ch U20 Boys 2020"]
[Site "Tbilisi"]
[Date "2020.08.10"]
[Round "5.1"]
[White "Kacharava, Nikolozi"]
[Black "Adamia, Jaba"]
[Result "1-0"]
[WhiteElo "2437"]
[BlackElo "1905"]
[Annotator "ChessBase"]
[PlyCount "59"]
[EventDate "2020.08.06"]
[EventType "tourn"]
[EventCountry "GEO"]
[SourceTitle "playchess.com"]
[Source "ChessBase"]
[SourceQuality "1"]
[TimeControl "40/5400+30:1800+30"]

1. e4 {[%emt 0:00:00]} c5 {[%emt 0:04:46]} 2. Nf3 {[%emt 0:00:00]} e6 {[%emt 0:00:07]} 3. d4 {[%emt 0:00:08]} cxd4 {[%emt 0:00:10]} 4. Nxd4 {[%emt 0:00:30]} a6 {[%emt 0:00:04]} 5. Bd3 {[%emt 0:00:36]} Nf6 {[%emt 0:00:51]} 6. O-O {[%emt 0:00:53]} Qc7 {[%emt 0:00:49]} 7. Qe2 {[%emt 0:00:35]} d6 {[%emt 0:01:04]} 8. f4 {[%emt 0:00:48]} Nbd7 {[%emt 0:02:45]} 9. c4 {[%emt 0:01:38]} Be7 {[%emt 0:05:25]} 10. b3 {[%emt 0:01:39]} O-O {[%emt 0:03:32]} 11. Bb2 {[%emt 0:00:49]} b6 {[%emt 0:03:05]} 12. Nd2 {[%emt 0:02:51]} Bb7 {[%emt 0:03:27]} 13. Rae1 {[%emt 0:02:23]} Rfd8 {[%emt 0:06:56]} 14. Kh1 {[%emt 0:11:47]} Nf8 {[%emt 0:21:57]} 15. e5 {[%emt 0:10:58]} dxe5 {[%emt 0:00:21]} 16. fxe5 {[%emt 0:00:40]} Ne8 {[%emt 0:00:37]} 17. Ne4 {[%emt 0:08:35]} Ng6 {[%emt 0:03:53]} 18. Bb1 {[%emt 0:16:31]} Bh4 {[%emt 0:05:15]} 19. Rc1 {[%emt 0:06:54]} Rac8 {[%emt 0:06:39]} 20. Nf3 {[%emt 0:08:41]} Be7 {[%emt 0:07:13]} 21. Qf2 {[%emt 0:02:03]} Bxe4 {[%emt 0:04:04]} 22. Bxe4 {[%emt 0:00:10]} Rd7 {[%emt 0:01:57]} 23. a3 {[%emt 0:05:59]} Bc5 {[%emt 0:02:15]} 24. Qe1 {[%emt 0:01:39]} Qd8 {[%emt 0:06:13]} 25. b4 {[%emt 0:02:08]} Be7 {[%emt 0:00:47]} 26. Qf2 {[%emt 0:00:55]} Nf8 {[%emt 0:03:06]} 27. Bd4 {[%emt 0:01:25]} Rb8 {[%emt 0:01:53]} 28. Bc6 {[%emt 0:00:26]} Ra7 {[%emt 0:00:04]} 29. Rfd1 {[%emt 0:00:58]} Qc7 {[%emt 0:00:11]} 30. Bxe8 {[%emt 0:00:41]} 1-0

[Event "GEO-ch U20 Boys 2020"]
[Site "Tbilisi"]
[Date "2020.08.10"]
[Round "5.2"]
[White "Petriashvili, Nikoloz"]
[Black "Akhvlediani, Irakli"]
[Result "1/2-1/2"]
[WhiteElo "2423"]
[BlackElo "2358"]
[Annotator "ChessBase"]
[PlyCount "77"]
[EventDate "2020.08.06"]
[EventType "tourn"]
[EventCountry "GEO"]
[SourceTitle "playchess.com"]
[Source "ChessBase"]
[SourceQuality "1"]
[TimeControl "40/5400+30:1800+30"]

1. d4 {[%emt 0:00:00]} Nf6 {[%emt 0:00:00]} 2. c4 {[%emt 0:00:00]} g6 {[%emt 0:00:00]} 3. Nc3 {[%emt 0:00:00]} Bg7 {[%emt 0:00:00]} 4. e4 {[%emt 0:00:00]} d6 {[%emt 0:00:09]} 5. Be2 {[%emt 0:00:00]} O-O {[%emt 0:00:06]} 6. Be3 {[%emt 0:00:00]} Nbd7 {[%emt 0:00:05]} 7. Nf3 {[%emt 0:00:36]} e5 {[%emt 0:00:05]} 8. O-O {[%emt 0:00:04]} c6 {[%emt 0:00:04]} 9. Qc2 {[%emt 0:00:25]} Ng4 {[%emt 0:07:42]} 10. Bg5 {[%emt 0:00:30]} Bf6 {[%emt 0:00:12]} 11. Bxf6 {[%emt 0:02:41]} Ngxf6 {[%emt 0:00:33]} 12. Rad1 {[%emt 0:04:13]} Qe7 {[%emt 0:00:11]} 13. Qd2 {[%emt 0:10:16]} Re8 {[%emt 0:06:47]} 14. Rfe1 {[%emt 0:01:35]} a6 {[%emt 0:06:01]} 15. Bf1 {[%emt 0:04:49]} Qf8 {[%emt 0:07:29]} 16. a3 {[%emt 0:02:04]} b6 {[%emt 0:10:32]} 17. g3 {[%emt 0:07:51]} Bb7 {[%emt 0:04:21]} 18. b4 {[%emt 0:02:57]} Rad8 {[%emt 0:02:18]} 19. Bh3 {[%emt 0:04:43]} b5 {[%emt 0:07:17]} 20. dxe5 {[%emt 0:02:17]} Nxe5 {[%emt 0:02:28]} 21. Nxe5 {[%emt 0:00:05]} dxe5 {[%emt 0:00:03]} 22. Qe3 {[%emt 0:03:14]} Rxd1 {[%emt 0:01:09]} 23. Rxd1 {[%emt 0:01:07]} Rd8 {[%emt 0:00:42]} 24. Qb6 {[%emt 0:07:11]} Rxd1+ {[%emt 0:00:07]} 25. Nxd1 {[%emt 0:00:01]} Bc8 {[%emt 0:09:46]} 26. Qxc6 {[%emt 0:07:03]} Bxh3 {[%emt 0:00:08]} 27. Qxf6 {[%emt 0:00:02]} bxc4 {[%emt 0:00:47]} 28. Ne3 {[%emt 0:03:40]} c3 {[%emt 0:09:21]} 29. Nd5 {[%emt 0:18:36]} Qh6 {[%emt 0:02:02]} 30. Qd8+ {[%emt 0:06:37]} Kg7 {[%emt 0:00:02]} 31. Qf6+ {[%emt 0:08:54]} Kg8 {[%emt 0:00:02]} 32. Qd8+ {[%emt 0:01:14]} Kg7 {[%emt 0:00:03]} 33. f4 {[%emt 0:00:27]} Qh5 {[%emt 0:01:02]} 34. Nf6 {[%emt 0:01:42]} Qf3 {[%emt 0:00:54]} 35. Ne8+ {[%emt 0:00:13]} Kg8 {[%emt 0:00:14]} 36. Nd6+ {[%emt 0:00:28]} Kg7 {[%emt 0:00:02]} 37. Ne8+ {[%emt 0:00:08]} Kg8 {[%emt 0:00:08]} 38. Nd6+ {[%emt 0:00:04]} Kg7 {[%emt 0:00:04]} 39. Ne8+ {[%emt 0:00:02]} 1/2-1/2

[Event "GEO-ch U20 Boys 2020"]
[Site "Tbilisi"]
[Date "2020.08.10"]
[Round "5.3"]
[White "Safarov, Deniel"]
[Black "Khodashneli, Shota"]
[Result "0-1"]
[WhiteElo "1766"]
[BlackElo "1940"]
[Annotator "TA"]
[PlyCount "68"]
[EventDate "2020.08.06"]
[EventType "tourn"]
[EventCountry "GEO"]
[SourceTitle "playchess.com"]
[Source "ChessBase"]
[SourceQuality "1"]

{[%evp 10,68,72,36,54,38,43,19,19,11,12,9,21,11,18,-15,-10,-14,0,0,0,0,0,0,0,0,11,14,32,0,0,-18,-9,-24,-21,-59,-48,-96,-14,-94,-40,-154,-158,-158,-164,-181,-174,-164,-56,-927,-901,-1212,-1073,-1194,-1070,-5493,-1117,-1050,-981,-12837,-12831]} 1. e4 d5 2. exd5 Qxd5 3. Nc3 Qd6 4. Nf3 Nf6 5. d4 a6 6. Bc4 Nc6 {B01: Scandinavian Defence.} 7. h3 Bf5 8. Be3 e6 {The position is equal.} 9. Qe2 Be7 10. O-O O-O 11. Rad1 Nd5 {[#]} 12. Bxd5 $146 ({Predecessor:} 12. Nxd5 exd5 13. Bd3 {½-½ (13) Baklan,V (2639)-Hera,I (2557) Dresden 2009}) 12... exd5 13. Ne5 Nxe5 14. dxe5 Qxe5 15. Rxd5 Qe6 16. Qf3 Bxc2 17. Rd2 Bg6 18. Qxb7 Bd6 19. Bd4 Rad8 20. Qf3 Rfe8 $40 {[%mdl 128] White needs to defend precisely.} 21. Re2 Qc4 22. Rxe8+ Rxe8 {[%cal Bd8e8,Be8e6,Be6e1][%mdl 32]} 23. Be3 {[#]} h6 ({Better is} 23... Bh2+ $1 $17 {[%mdl 512]} 24. Kxh2 Qxf1) 24. Qd5 {[#]} (24. Rd1 $11) 24... Qb4 (24... Bh2+ $1 $17 {[%mdl 512]} 25. Kxh2 Qxf1) 25. Qc6 {[#]} (25. Qd2 $15) 25... Re6 $1 $17 {aiming for ...Bh2+!} 26. Qa8+ Kh7 27. Bc1 Bd3 28. Rd1 {[#]} Be2 (28... c6 $1 $19 {[%mdl 512] White must now prevent ...Qd4.} 29. Qa7 (29. Qxc6 Bh2+) 29... Bc2 30. Qxf7 Re7) 29. Re1 $2 {[%mdl 8192] [#] White does not recover from this.} (29. Nxe2 $15 Rxe2 30. Rf1) 29... Bf3 $1 $19 {[%mdl 576] Discovered Attack. Black is clearly winning.} 30. gxf3 (30. Qxf3 Rxe1#) 30... Rxe1+ 31. Kg2 Rxc1 32. Nd5 Qc4 {[%csl Gc1][%cal Rc4f1]} 33. Ne3 Qf4 {[%csl Gd6][%cal Rf4h2]} 34. Ng4 h5 {Accuracy: White = 48%, Black = 80%.} 0-1

[Event "GEO-ch U20 Boys 2020"]
[Site "Tbilisi"]
[Date "2020.08.10"]
[Round "5.4"]
[White "Sartania, Giorgi"]
[Black "Kilasonia, Lado"]
[Result "1-0"]
[WhiteElo "1690"]
[BlackElo "1390"]
[Annotator "NA"]
[PlyCount "104"]
[EventDate "2020.08.06"]
[EventType "tourn"]
[EventCountry "GEO"]
[SourceTitle "playchess.com"]
[Source "ChessBase"]
[SourceQuality "1"]
[TimeControl "40/5400+30:1800+30"]

1. d4 {[%emt 0:00:00]} Nf6 {[%emt 0:00:00]} 2. Nc3 {[%emt 0:00:00]} d5 {[%emt 0:00:00]} 3. Bf4 {[%emt 0:00:00]} c6 {[%emt 0:02:52]} 4. e3 {[%emt 0:01:30]} Bf5 {[%emt 0:00:30]} 5. f3 {[%emt 0:01:50]} e6 {[%emt 0:00:40]} 6. g4 {[%emt 0:00:29]} Bg6 {[%emt 0:00:02]} 7. h4 {[%emt 0:00:05]} h5 {[%emt 0:00:48]} 8. g5 {[%emt 0:00:14]} Nfd7 {[%emt 0:00:51]} 9. Bd3 {[%emt 0:02:28]} Bxd3 {[%emt 0:00:02]} 10. Qxd3 {[%emt 0:00:02]} Nb6 {[%emt 0:06:49]} 11. g6 {[%emt 0:05:59]} f6 {[%emt 0:00:44]} 12. Nge2 {[%emt 0:04:07]} Bd6 {[%emt 0:00:35]} 13. b3 {[%emt 0:12:26]} Qc7 {[%emt 0:10:10]} 14. Rg1 {[%emt 0:12:17]} N8d7 {[%emt 0:01:21]} 15. O-O-O {[%emt 0:06:19]} O-O-O {[%emt 0:00:53]} 16. Kb2 {[%emt 0:02:27]} e5 {[%emt 0:01:30]} 17. Bg3 {[%emt 0:01:52]} exd4 {[%emt 0:03:40]} 18. exd4 {[%emt 0:01:31]} Rde8 {[%emt 0:01:25]} 19. Bxd6 {[%emt 0:03:12]} Qxd6 {[%emt 0:00:02]} 20. Ng3 {[%emt 0:00:01]} Nf8 {[%emt 0:03:03]} 21. Nf5 {[%emt 0:00:59]} Qd7 {[%emt 0:01:03]} 22. a4 {[%emt 0:08:28]} Kc7 {[%emt 0:02:16]} 23. a5 {[%emt 0:05:21]} Nc8 {[%emt 0:00:04]} 24. Na4 {[%emt 0:00:34]} Nd6 {[%emt 0:00:49]} 25. Ng3 {[%emt 0:05:11]} Qh3 {[%emt 0:02:11]} 26. Nc5 {[%emt 0:02:36]} Ne6 {[%emt 0:04:53]} 27. Ne2 {[%emt 0:05:28]} Qxh4 {[%emt 0:03:15]} 28. Rh1 {[%emt 0:01:46]} Qg5 {[%emt 0:01:16]} 29. Rdg1 {[%emt 0:02:34]} Nxc5 {[%emt 0:03:06]} 30. dxc5 {[%emt 0:00:24]} Qe5+ {[%emt 0:01:05]} 31. Qd4 {[%emt 0:00:18]} Qxe2 {[%emt 0:01:14]} 32. cxd6+ {[%emt 0:00:01]} Kxd6 {[%emt 0:00:25]} 33. Qb4+ {[%emt 0:00:47]} Kc7 {[%emt 0:05:01]} 34. Re1 {[%emt 0:00:03]} Qxf3 {[%emt 0:04:03]} 35. Re7+ {[%emt 0:00:07]} Rxe7 {[%emt 0:00:11]} 36. Qxe7+ {[%emt 0:00:02]} Kc8 {[%emt 0:02:47]} 37. Re1 {[%emt 0:02:29]} d4 {[%emt 0:02:12]} 38. Qe6+ {[%emt 0:04:46]} Kc7 {[%emt 0:04:10]} 39. Qf7+ Kc8 {[%emt 0:01:52]} 40. Re7 {[%emt 0:01:48]} Qc3+ {[%emt 0:01:22]} 41. Kb1 {[%emt 0:30:08]} Qxa5 {[%emt 0:30:23]} 42. Qxg7 {[%emt 0:04:07]} Rd8 {[%emt 0:00:01]} 43. Qxf6 {[%emt 0:00:36]} d3 {[%emt 0:02:27]} 44. Qe6+ {[%emt 0:00:54]} Kb8 {[%emt 0:00:21]} 45. cxd3 {[%emt 0:00:39]} Rxd3 {[%emt 0:00:49]} 46. Re8+ {[%emt 0:00:34]} Kc7 {[%emt 0:01:41]} 47. Qf7+ {[%emt 0:03:06]} Kb6 {[%emt 0:01:33]} 48. Qf2+ {[%emt 0:00:22]} Ka6 {[%emt 0:01:07]} 49. Qc2 {[%emt 0:01:41]} Rg3 {[%emt 0:01:26]} 50. Qe2+ {[%emt 0:00:47]} Qb5 {[%emt 0:00:13]} 51. Qa2+ {[%emt 0:00:14]} Qa5 {[%emt 0:00:27]} 52. Qe2+ {[%emt 0:00:11]} b5 {[%emt 0:03:14]} 1-0

[Event "GEO-ch U20 Boys 2020"]
[Site "Tbilisi"]
[Date "2020.08.10"]
[Round "5.5"]
[White "Gongliashvili, Zurab"]
[Black "Tsomaia, Nikoloz"]
[Result "1/2-1/2"]
[WhiteElo "1807"]
[BlackElo "2240"]
[Annotator "ChessBase"]
[PlyCount "194"]
[EventDate "2020.08.06"]
[EventType "tourn"]
[EventCountry "GEO"]
[SourceTitle "playchess.com"]
[Source "ChessBase"]
[SourceQuality "1"]
[TimeControl "40/5400+30:1800+30"]

1. e4 {[%emt 0:02:34]} e5 {[%emt 0:00:00]} 2. Nf3 {[%emt 0:00:22]} Nc6 {[%emt 0:00:00]} 3. Bc4 {[%emt 0:00:10]} Bc5 {[%emt 0:00:07]} 4. Nc3 {[%emt 0:01:29]} Nf6 {[%emt 0:00:24]} 5. d3 {[%emt 0:00:12]} h6 {[%emt 0:00:28]} 6. O-O {[%emt 0:00:15]} d6 {[%emt 0:05:18]} 7. h3 {[%emt 0:08:09]} a6 {[%emt 0:00:58]} 8. a4 {[%emt 0:00:17]} Ba7 {[%emt 0:00:13]} 9. Be3 {[%emt 0:01:29]} O-O {[%emt 0:00:08]} 10. Bxa7 {[%emt 0:00:48]} Rxa7 {[%emt 0:00:04]} 11. d4 {[%emt 0:07:03]} Qe7 {[%emt 0:00:23]} 12. Nd5 {[%emt 0:04:19]} Nxd5 {[%emt 0:01:33]} 13. exd5 {[%emt 0:01:10]} Nxd4 {[%emt 0:00:17]} 14. Nxd4 {[%emt 0:00:17]} exd4 {[%emt 0:00:05]} 15. Qxd4 {[%emt 0:00:05]} Ra8 {[%emt 0:00:03]} 16. Rae1 {[%emt 0:01:24]} Qg5 {[%emt 0:00:37]} 17. Kh2 {[%emt 0:02:23]} Bd7 {[%emt 0:00:24]} 18. h4 {[%emt 0:02:15]} Qd8 {[%emt 0:02:42]} 19. Re3 {[%emt 0:04:52]} Bxa4 {[%emt 0:08:44]} 20. Rg3 {[%emt 0:03:13]} f6 {[%emt 0:00:15]} 21. Qf4 {[%emt 0:07:51]} Bxc2 {[%emt 0:14:56]} 22. Qxh6 {[%emt 0:00:10]} Qd7 {[%emt 0:00:52]} 23. Rc1 {[%emt 0:03:08]} Bh7 {[%emt 0:03:49]} 24. h5 {[%emt 0:04:19]} Rae8 {[%emt 0:01:28]} 25. Rcc3 {[%emt 0:05:17]} Re4 {[%emt 0:07:15]} 26. Qd2 {[%emt 0:03:35]} Rh4+ {[%emt 0:07:45]} 27. Rh3 {[%emt 0:00:40]} Qg4 {[%emt 0:00:36]} 28. Be2 {[%emt 0:03:00]} Rxh3+ {[%emt 0:00:40]} 29. gxh3 {[%emt 0:01:14]} Qf5 {[%emt 0:00:08]} 30. Bg4 {[%emt 0:00:32]} Qe5+ {[%emt 0:00:45]} 31. f4 {[%emt 0:00:15]} Qe7 {[%emt 0:01:57]} 32. Re3 {[%emt 0:01:35]} Qd8 {[%emt 0:00:19]} 33. Be6+ {[%emt 0:00:34]} Kh8 {[%emt 0:00:01]} 34. f5 {[%emt 0:01:28]} Qe8 {[%emt 0:00:10]} 35. h6 {[%emt 0:04:40]} gxh6 {[%emt 0:01:13]} 36. Rc3 {[%emt 0:00:37]} Qh5 {[%emt 0:05:05]} 37. Rxc7 {[%emt 0:00:11]} Qg5 {[%emt 0:08:36]} 38. Qxg5 {[%emt 0:01:02]} fxg5 {[%emt 0:00:14]} 39. Rxb7 {[%emt 0:00:28]} Bxf5 {[%emt 0:00:17]} 40. Rb6 {[%emt 0:00:16]} Bxe6 {[%emt 0:28:36]} 41. dxe6 {[%emt 0:30:03]} Kg7 {[%emt 0:31:05]} 42. Rxd6 {[%emt 0:00:08]} a5 {[%emt 0:00:52]} 43. Ra6 {[%emt 0:00:42]} Rf2+ {[%emt 0:01:00]} 44. Kg3 {[%emt 0:00:13]} Rxb2 {[%emt 0:00:09]} 45. Rxa5 {[%emt 0:00:25]} Kf6 {[%emt 0:00:41]} 46. e7 {[%emt 0:02:09]} Rb3+ {[%emt 0:00:39]} 47. Kg4 {[%emt 0:02:03]} Rb4+ {[%emt 0:00:10]} 48. Kg3 {[%emt 0:00:06]} Kxe7 {[%emt 0:00:10]} 49. Ra7+ {[%emt 0:02:10]} Kf6 {[%emt 0:00:07]} 50. Ra6+ {[%emt 0:00:02]} Kg7 {[%emt 0:00:05]} 51. Rc6 {[%emt 0:00:39]} Rf4 {[%emt 0:01:58]} 52. Ra6 {[%emt 0:00:54]} h5 {[%emt 0:00:43]} 53. Ra7+ {[%emt 0:01:32]} Kg6 {[%emt 0:00:07]} 54. Ra6+ {[%emt 0:00:06]} Rf6 {[%emt 0:00:10]} 55. Ra3 {[%emt 0:00:07]} Rb6 {[%emt 0:00:28]} 56. Rc3 {[%emt 0:01:02]} h4+ {[%emt 0:01:19]} 57. Kf3 {[%emt 0:00:08]} Rb2 {[%emt 0:00:15]} 58. Rc6+ {[%emt 0:01:43]} Kh5 {[%emt 0:00:03]} 59. Rc8 {[%emt 0:00:05]} Rh2 {[%emt 0:00:30]} 60. Rh8+ {[%emt 0:00:14]} Kg6 {[%emt 0:00:05]} 61. Rg8+ {[%emt 0:00:34]} Kh6 {[%emt 0:00:08]} 62. Kg4 {[%emt 0:00:48]} Rg2+ {[%emt 0:00:10]} 63. Kf5 {[%emt 0:00:12]} Rf2+ {[%emt 0:00:58]} 64. Ke4 {[%emt 0:01:20]} Rf4+ {[%emt 0:00:25]} 65. Ke3 {[%emt 0:00:19]} Ra4 {[%emt 0:00:33]} 66. Kf3 {[%emt 0:00:17]} Ra3+ {[%emt 0:00:01]} 67. Kg2 {[%emt 0:01:06]} Rg3+ {[%emt 0:00:45]} 68. Kh2 {[%emt 0:00:20]} Kh7 {[%emt 0:00:32]} 69. Rf8 {[%emt 0:00:15]} Rd3 {[%emt 0:01:49]} 70. Rf2 {[%emt 0:00:04]} Kg6 {[%emt 0:00:19]} 71. Ra2 {[%emt 0:00:05]} Kf5 {[%emt 0:00:14]} 72. Rf2+ {[%emt 0:01:14]} Ke4 {[%emt 0:00:10]} 73. Rg2 {[%emt 0:00:17]} Kf4 {[%emt 0:00:14]} 74. Rg4+ {[%emt 0:00:06]} Kf5 {[%emt 0:00:02]} 75. Rg2 {[%emt 0:00:10]} Re3 {[%emt 0:00:04]} 76. Rf2+ {[%emt 0:00:43]} Ke5 {[%emt 0:00:27]} 77. Rg2 {[%emt 0:00:08]} Kf4 {[%emt 0:00:03]} 78. Rg4+ {[%emt 0:00:06]} Kf5 {[%emt 0:00:02]} 79. Rg2 {[%emt 0:00:06]} Re5 {[%emt 0:00:33]} 80. Rf2+ {[%emt 0:02:08]} Ke4 {[%emt 0:00:12]} 81. Kg2 {[%emt 0:01:31]} Kd3 {[%emt 0:01:39]} 82. Rf3+ {[%emt 0:00:53]} Kd4 {[%emt 0:00:26]} 83. Rf2 {[%emt 0:00:34]} Re3 {[%emt 0:00:11]} 84. Rf5 {[%emt 0:00:29]} Rg3+ {[%emt 0:00:16]} 85. Kh2 {[%emt 0:00:23]} Ke4 {[%emt 0:00:06]} 86. Ra5 {[%emt 0:00:09]} Kf4 {[%emt 0:00:16]} 87. Ra4+ {[%emt 0:00:11]} Kf5 {[%emt 0:00:25]} 88. Ra5+ {[%emt 0:00:05]} Kg6 {[%emt 0:00:03]} 89. Ra6+ {[%emt 0:00:05]} Kh5 {[%emt 0:00:01]} 90. Ra2 {[%emt 0:00:15]} Re3 {[%emt 0:00:01]} 91. Rb2 {[%emt 0:00:23]} Kg6 {[%emt 0:00:02]} 92. Rf2 {[%emt 0:00:24]} Re4 {[%emt 0:00:01]} 93. Kg2 {[%emt 0:01:01]} Rf4 {[%emt 0:00:28]} 94. Ra2 {[%emt 0:00:10]} Rf6 {[%emt 0:00:03]} 95. Rb2 {[%emt 0:00:29]} Kf5 {[%emt 0:00:15]} 96. Rb5+ {[%emt 0:00:12]} Kf4 {[%emt 0:00:02]} 97. Rb4+ {[%emt 0:00:15]} Ke5 1/2-1/2